1912 1941 1110 1262 1967 1317 1809 1133 1224 1275 1546 1974 1410 1638 1168 1814 1482 1902 1772 1758 1962 1907 1081 1006 1940 1309 1255 1250 1993 1376 1494 1240 1945 1569 1306 1454 1401 1038 1400 1789 1327 1825 1381 1247 1964 1533 1814 1434 1916 1474 1329 1489 1289 1213 1572 1029 1100 1480 1930 1854 1351 1351 1160 1923 1788 1297 1324 1848 1313 1303 1063 1783 1186 1645 1991 1008 1886 1507 1144 1122 1825 1049 1205 1763 1959 1403 1397 1186 1449 1699 1330 1782 1065 1262 1718 1141 1804 1692 1088 BCNSPRNW ULIB Ver.6.0+V

เปลี่ยนเป็นภาษาไทย

Change to English
 แสดงรายละเอียดบรรณานุกรม
  กลับหน้าหลัก

Brief Record : Get Marc (ISO 2709) : E-mail record : QR code < ปิดหน้าต่าง
LEADER : 00000nam 2200000uu 4500
001    13399112408
003     ULIB
008    110627s||||||||th 000 0 tha d
020    9786167123608
090    นว.^bล445ห มปป.
100 0  ลินิน
245 00 หัวใจแค้นลิขิตรัก/^cลินิน
250    พิมพ์ครั้งที่ 1
260    กรุงเทพฯ :^bกรีนมายด์,^cมปป.
300    249 หน้า
710 1  กรีนมายด์
945    ^p199^l0^i028065
995    ทศพร
999 ^a ใช้งานได้ทุกระบบ
รายการนี้ยังไม่มีแท็ก
คุณยังไม่ได้ล็อกอิน คุณสามารถมีกิจกรรมร่วมกับเว็บไซต์ได้ แต่ต้องล็อกอินก่อน ::
  ล็อกอิน

รายการสื่อสารสนเทศ

ลำดับที่ ประเภท เลขเรียก/บาร์โค้ด สถานที่ สถานะ
- ไม่พบข้อมูล -

BibComment


ยังไม่เคยถูกคอมเมนท์

คอมเมนท์ทรัพยากรรายการนี้
  คอมเมนท์: หัวใจแค้นลิขิตรัก..


 Copyright 2026. Bcnsprnw @Library